[Event "CZE-chT 9596"]
[Site "?"]
[Date "1996.??.??"]
[Round "5"]
[White "Freisler, Pavel"]
[Black "Ramik, Zdenek"]
[Result "1-0"]
[WhiteElo "2350"]
[BlackElo "2320"]

1.Nf3 g6 2.d4 Bg7 3.c4 d6 4.g3 Nf6 5.Bg2 O-O 6.Nc3 Nc6 7.d5 Na5 8.Nd2 c5
9.O-O a6 10.Qc2 Rb8 11.b3 b5 12.Bb2 bxc4 13.bxc4 Bh6 14.Ncb1 e6 15.Bc3 exd5
16.cxd5 Bd7 17.Na3 Bg7 18.Rab1 Bb5 19.Rfe1 Qc7 20.Nxb5 axb5 21.a4 Nc4 22.Nxc4 bxc4
23.Qa2 Rb3 24.Rxb3 cxb3 25.Qxb3 Rb8 26.Qa3 Nd7 27.Bxg7 Kxg7 28.a5 Rb4 29.Ra1 Qa7
30.e3 h5 31.Bf1 Kh7 32.Qc3 Ne5 33.a6 Rb6 34.Qa5 Rb2 35.Qc3 Rb4 36.Be2 Rb6
37.f4 Nd7 38.e4 Rb3 39.Qc2 Nf6 40.Bc4 Re3 41.Rb1 Nxe4 42.Rb7 Qa8 43.Rxf7+ Kh6
44.Re7 Qh8 45.Rxe4 Qa1+ 46.Bf1 Rc3 47.Qe2 Ra3 48.f5  1-0

[Event "CZE-chT 9596"]
[Site "?"]
[Date "1996.??.??"]
[Round "9"]
[White "Konopka, Michal"]
[Black "Kozak, Milos"]
[Result "1-0"]
[WhiteElo "2405"]
[BlackElo "2285"]

1.Nf3 Nf6 2.c4 g6 3.g3 Bg7 4.d4 O-O 5.Bg2 d6 6.Nc3 c6 7.O-O Qa5 8.e4 Bg4
9.h3 Bxf3 10.Bxf3 e5 11.Be3 Nbd7 12.a3 Rfc8 13.b4 Qd8 14.Qb3 h5 15.Rad1 Qf8
16.Be2 Re8 17.dxe5 dxe5 18.c5 Bh6 19.Bxh6 Qxh6 20.Rd6 Re7 21.Rfd1 Kg7 22.Bc4 h4
23.g4 Qf4 24.Ne2 Qg5 25.f3 Nf8 26.Kf2 Ne8 27.Qc3 Nxd6 28.cxd6 Ree8 29.f4 Qf6
30.g5 Qd8 31.Ng1 Kg8 32.Nf3 exf4 33.e5 Ne6 34.Qd3 Qb6+ 35.Kg2 Rad8 36.Nxh4 Kg7
37.Nf3 a5 38.Bxe6 Rxe6 39.Qd4 Qb5 40.Rd2 axb4 41.axb4 b6 42.Qxf4 c5 43.bxc5 bxc5
44.Kg3 Ra8 45.Qe4 Ree8 46.e6 fxe6 47.Ne5 Ra3+ 48.Kh2 Rf8 49.Qxg6+ Kh8 50.Qh6+ Kg8
51.g6  1-0

[Event "CZE-chT1 9596"]
[Site "CZE"]
[Date "1996.??.??"]
[Round "?"]
[White "Chochol, Libor"]
[Black "Hlavnicka, Jiri"]
[Result "0-1"]
[WhiteElo "2180"]
[BlackElo "2210"]

1.d4 Nf6 2.Nf3 g6 3.c4 Bg7 4.g3 O-O 5.Bg2 d6 6.O-O Nc6 7.Nc3 a6 8.h3 Rb8
9.d5 Na5 10.Qd3 c5 11.dxc6 Nxc6 12.e4 b5 13.Rd1 Nb4 14.Qe2 bxc4 15.Qxc4 Be6
16.Qe2 Qc8 17.Bf1 Bxh3 18.Bxh3 Qxh3 19.a3 Nc6 20.Qxa6 Rfc8 21.Qe2 Ng4 22.Qf1 Qxf1+
23.Kxf1 Na5 24.Ra2 Bxc3 25.bxc3 Rxc3 26.Bd2 Rxf3 27.Bxa5 Ne3+ 28.Ke2 Rxf2+
29.Kxf2 Nxd1+ 30.Ke1 Nb2 31.Bc3 Na4 32.Bd4 e5  0-1

[Event "CZE-chT2c 9596"]
[Site "CZE"]
[Date "1996.??.??"]
[Round "1"]
[White "Jankovec, Ivan"]
[Black "Simacek, Pavel"]
[Result "0-1"]
[WhiteElo "2275"]
[BlackElo "2125"]

1.d4 Nf6 2.Nf3 g6 3.c4 Bg7 4.g3 O-O 5.Bg2 d6 6.Nc3 Nbd7 7.O-O e5 8.e4 exd4
9.Nxd4 c6 10.b3 Re8 11.Bf4 Nc5 12.Re1 Qb6 13.Qd2 Ng4 14.Rad1 Ne5 15.Be3 a5
16.f3 a4 17.Rb1 axb3 18.axb3 Qb4 19.Qc2 Ra3 20.Ncb5 Ned3 21.Nxa3 Nxe1 22.Qa2 f5
23.Nac2 Nxc2 24.Nxc2 Qc3 25.b4 Nd3 26.Qb3 Qxb3 27.Rxb3 fxe4 28.fxe4 Nb2 29.c5 Be6
30.Ra3 Nc4 31.Rd3 Nxe3 32.Nxe3 dxc5 33.bxc5 Ra8 34.Kf2 Bf8 35.Bf3 Bxc5 36.Ke2 Kf7
37.Ng4 Ra2+ 38.Kd1 Ke7 39.h4 Rb2 40.h5 gxh5 41.Ne3 Bxe3 42.Rxe3 Bg4 43.Kc1 Rf2  0-1

[Event "CZE-chT2c 9596"]
[Site "CZE"]
[Date "1996.??.??"]
[Round "5"]
[White "Hudecek, Jan"]
[Black "Karlik, Vladimir"]
[Result "0-1"]
[WhiteElo "2275"]
[BlackElo "2240"]

1.d4 g6 2.g3 Bg7 3.Nf3 d6 4.Bg2 Nf6 5.c4 O-O 6.Nc3 Nbd7 7.O-O e5 8.h3 a6
9.Re1 Rb8 10.e4 b5 11.c5 b4 12.Na4 Qe8 13.Qc2 exd4 14.Nxd4 Nxc5 15.Nxc5 dxc5
16.Qxc5 Nd7 17.Qc4 c5 18.Nc6 Rb6 19.e5 Rxc6 20.Bxc6 Nxe5 21.Qxc5 Nf3+ 22.Bxf3 Qxe1+
23.Kg2 Bf5 24.a3 b3 25.Qb4 Qe6 26.Bd2 Bxb2 27.Re1 Qd7 28.Bh6 Bg7 29.Bxg7 Kxg7
30.Qc3+ Kg8 31.Qxb3 Bxh3+ 32.Kg1 Be6 33.Qb4 Rc8 34.Rd1 Qc7 35.Kg2 a5 36.Qd4 Qc5
37.Qf6 Qb6 38.Qe5 Rd8 39.Rxd8+ Qxd8 40.Qc3 Qb6 41.g4 Qb5 42.Qf6 h6 43.Qc3 Qg5
44.Kf1 h5 45.gxh5 gxh5 46.Ke2 h4 47.Kf1 h3 48.Qc7 Kg7 49.Qc3+ f6 50.Be4 Qf4
51.Qg3+ Qxg3 52.fxg3 Kf7 53.Kg1 Ke7 54.Kh2 Kd6 55.Bf3 Ke5 56.Bd1 Kd4 57.g4 Kc3
58.Kxh3 Kb2 59.a4 Bb3 60.Bf3 Bxa4 61.Kg3 Kc2 62.Be4+ Kd2 63.Bd5 Kd3 64.Be6 Bd1
65.Bd7 a4 66.g5 a3 67.Be6 fxg5  0-1

[Event "CZE-chT2c 9596"]
[Site "CZE"]
[Date "1996.??.??"]
[Round "8"]
[White "Jaworski, Miroslaw"]
[Black "Mudrak, Josef"]
[Result "1/2-1/2"]
[WhiteElo "2360"]
[BlackElo "2315"]

1.d4 Nf6 2.Nf3 g6 3.c4 Bg7 4.g3 d6 5.Bg2 O-O 6.O-O c6 7.Nc3 Qc7 8.h3 e5 9.e4 Nfd7
10.Be3 Na6 11.Qd2 f5 12.exf5 gxf5 13.dxe5 dxe5 14.Bh6 Ndc5 15.Bxg7 Qxg7 16.Qg5 Qxg5
17.Nxg5 e4 18.h4 Nd3 19.b3 Nac5 20.Rfd1 a5 21.Bf1 h6 22.Nh3 Be6 23.Bxd3 Nxd3
24.Ne2 Kf7 25.Nhf4 Nxf4 26.Nxf4 Rfd8 27.Kf1 Ke7 28.Rxd8 Rxd8 29.Ke2 Bf7 30.Ke3 a4
31.Rb1 axb3 32.axb3 Ra8 33.Kd4 Ra2 34.Ke5 Ra5+ 35.Kd4 Ra2 36.Ke5 Ra5+ 37.Kd4  1/2-1/2

[Event "CZE-chT2c 9596"]
[Site "CZE"]
[Date "1996.??.??"]
[Round "10"]
[White "Jaworski, Miroslaw"]
[Black "Nedela, Vlastimil"]
[Result "0-1"]
[WhiteElo "2360"]
[BlackElo "2435"]

1.d4 g6 2.c4 Bg7 3.Nf3 Nf6 4.g3 O-O 5.Bg2 d6 6.O-O Nc6 7.Nc3 Bf5 8.d5 Na5
9.Nd4 Bd7 10.b3 c5 11.dxc6 Nxc6 12.Bb2 Qa5 13.Nc2 Qh5 14.Ne3 Ng4 15.Nxg4 Bxg4
16.Qd2 Bh6 17.f4 Qc5+ 18.e3 Qa5 19.b4 Qxb4 20.Bxc6 bxc6 21.Nd5 Qb7 22.Qc3 f6
23.Nb4 Rab8 24.Nd3 Bf5 25.Rf2 c5 26.Rd2 Qa6 27.Re1 Be4 28.Nf2 Ba8 29.e4 Rb4
30.Rc2 Qc6 31.Ng4 Bg7 32.Ne3 e6 33.Nd1 Rf7 34.Qd3 f5 35.Bxg7 fxe4 36.Qe3 Kxg7
37.Nf2 d5 38.cxd5 exd5 39.Rxc5 d4 40.Qc1 Qb6 41.a3 e3 42.Ne4 Qb7 43.Re5 Rb5
44.Re8 Re7 45.Rxa8 Qxa8 46.Nd6 Rd5  0-1

[Event "DEN-chT 9697"]
[Site "?"]
[Date "1996.??.??"]
[Round "2"]
[White "Jelling, Erik"]
[Black "Hoi, Carsten"]
[Result "1/2-1/2"]
[WhiteElo "2415"]
[BlackElo "2445"]

1.d4 Nf6 2.c4 g6 3.Nf3 Bg7 4.g3 O-O 5.Bg2 d6 6.O-O Bg4 7.Nc3 Bxf3 8.exf3 c6
9.Re1 e6 10.Qb3 Qb6 11.Qxb6 axb6 12.d5 exd5 13.cxd5 Nxd5 14.Nxd5 cxd5 15.f4 Nc6
16.Bxd5 Nb4 17.Bxb7 Nc2  1/2-1/2

[Event "Asia-ch"]
[Site "Dubai"]
[Date "1996.??.??"]
[Round "?"]
[White "Hsu Li Yang"]
[Black "Jiravorasuk, Bajuab"]
[Result "1-0"]
[WhiteElo "2385"]
[BlackElo "2245"]

1.d4 Nf6 2.c4 g6 3.g3 Bg7 4.Bg2 O-O 5.Nf3 d6 6.O-O Nbd7 7.Qc2 e5 8.Rd1 Re8
9.dxe5 Nxe5 10.Nd4 c6 11.h3 Qb6 12.b3 Nfd7 13.Nc3 Nc5 14.e4 a5 15.Be3 a4
16.Rab1 axb3 17.axb3 Qc7 18.f4 Ned7 19.b4 Ne6 20.Ndb5 cxb5 21.Nxb5 Qb8 22.Nxd6 Rf8
23.c5 Ra3 24.Rb3 Rxb3 25.Qxb3 Nf6 26.b5 Ne8 27.e5 Nd8 28.Qa4 Be6 29.Nxb7 Nxb7
30.c6 Nd8 31.b6 Bxe5 32.fxe5 Qxe5 33.Qf4 Nxc6 34.Bxc6 Qh5 35.Rd8 Qe2 36.Qf2  1-0

[Event "RUS-ch"]
[Site "Elista"]
[Date "1996.??.??"]
[Round "1"]
[White "Filippov, Valerij"]
[Black "Zakharevich, Igor"]
[Result "1/2-1/2"]
[WhiteElo "2565"]
[BlackElo "2485"]

1.Nf3 Nf6 2.c4 g6 3.d4 Bg7 4.g3 O-O 5.Bg2 d6 6.Nc3 Nbd7 7.O-O e5 8.e4 c6
9.h3 exd4 10.Nxd4 Re8 11.Be3 Nc5 12.Qc2 Qe7 13.Rfe1 a5 14.Rad1 a4 15.f4 Qc7
16.Bf2 Qa5 17.Nf3 Nh5 18.a3 f5 19.Rxd6 Bxc3 20.bxc3 Nxe4 21.Rd4 Be6 22.Ng5 Nxf2
23.Qxf2 Ng7 24.Qb2 Re7 25.Qb4 Qc7 26.Qc5 Rae8 27.Rd2 Bc8 28.Rxe7 Qxe7 29.Qxe7 Rxe7
30.Kf2 Ne6 31.Nxe6 Bxe6 32.c5 Kf7 33.Bf3 Bb3 34.Bd1 Bxd1 35.Rxd1 Ke8 36.Rd4 Re6
37.Rxa4 Kd7 38.Rd4+ Kc7 39.g4 Re8 40.a4 Ra8 41.Kg3 Re8 42.Kf2 Re6 43.g5 Kc8
44.h4 Kc7 45.a5 Kc8 46.Ra4 Kc7 47.Rb4 Kc8 48.Rd4 Kc7 49.Ra4 Kb8 50.a6 bxa6
51.Rxa6 Kb7 52.Ra4 Kb8 53.Rd4 Kc7 54.Ra4 Kb8 55.Rb4+ Kc7 56.Rd4 Kc8 57.h5 Kc7
58.Ra4 Kb7 59.Kf3 Kb8 60.Ra2 Kb7 61.Rb2+ Kc7 62.Ra2 Kb7 63.Rd2 Kc7 64.hxg6 hxg6
65.Ra2 Kd8 66.Re2 Rxe2 67.Kxe2 Ke8 68.Kd2 Kd8 69.Kc2 Kd7 70.Kb3 Kc7 71.Kb4 Kc8  1/2-1/2

[Event "RUS-ch"]
[Site "Elista"]
[Date "1996.??.??"]
[Round "4"]
[White "Namgilov, Sogto"]
[Black "Sorokin, Maxim"]
[Result "1/2-1/2"]
[WhiteElo "2495"]
[BlackElo "2550"]

1.d4 Nf6 2.c4 g6 3.Nf3 Bg7 4.g3 O-O 5.Bg2 d6 6.O-O c6 7.Nc3 Qa5 8.h3 Be6
9.Nd2 Qa6 10.b3 d5 11.cxd5  1/2-1/2

[Event "RUS-ch (Women)"]
[Site "Elista"]
[Date "1996.??.??"]
[Round "5"]
[White "Strutinskaya, Galina N"]
[Black "Ershova, Svetlana"]
[Result "1/2-1/2"]
[WhiteElo "2335"]
[BlackElo "2155"]

1.d4 Nf6 2.Nf3 g6 3.c4 Bg7 4.g3 d6 5.Bg2 O-O 6.O-O Nbd7 7.Nc3 e5 8.e4 c6
9.Be3 exd4 10.Nxd4 Re8 11.h3 Qe7 12.Re1 Nc5 13.Qc2 Bd7 14.Nb3 Be6 15.Nxc5 dxc5
16.b3 Nd7 17.Rad1 Rad8 18.Qc1 Ne5 19.Qc2 Qf6 20.Rxd8 Rxd8 21.Rd1 Rxd1+ 22.Qxd1 Qe7
23.Na4 Nd7 24.Qd2 b6 25.f4 Nb8 26.Nc3 Qd7 27.g4 Qxd2 28.Bxd2 Bd4+ 29.Kf1 f6
30.Ke2 Na6 31.a3 Nc7 32.Kd3 Kf7 33.Bf3 Bd7 34.Bc1 Ne6  1/2-1/2

[Event "RUS-ch (Women)"]
[Site "Elista"]
[Date "1996.??.??"]
[Round "11"]
[White "Demina, Julia"]
[Black "Kovalevskaya, Ekaterina"]
[Result "1/2-1/2"]
[WhiteElo "2355"]
[BlackElo "2335"]

1.Nf3 g6 2.c4 Bg7 3.d4 Nf6 4.g3 d6 5.Bg2 O-O 6.O-O Nbd7 7.Qc2 e5 8.Rd1 Re8
9.e4 exd4 10.Nxd4 Nc5 11.Nc3 a5 12.Bf4 Bd7 13.Ndb5 Ne6 14.Bc1 Qc8 15.f3 Bc6
16.Be3 Nd7 17.Rac1 Ne5 18.Nd5 a4 19.Nd4 Nc5 20.b4 axb3 21.axb3 Ra3 22.Rb1 Bxd5
23.cxd5 Qa8 24.Qe2 Qa6 25.Bf1 Qxe2 26.Bxe2 Ra2 27.b4 Na4 28.Rbc1 c5 29.dxc6 bxc6
30.Rd2 Rxd2 31.Bxd2 c5 32.Nb5 Rb8 33.bxc5 dxc5 34.f4 Nc6 35.e5 Nb4 36.Nd6 Bf8
37.Ne4 Kg7 38.Bc4 Rd8 39.Be3 Nb6 40.Nxc5 Nxc4 41.Rxc4 Rd1+ 42.Kg2 Nd5 43.Bf2 Rd2
44.Kf3 Nb6 45.Rc1 Bxc5 46.Rxc5 Nd7 47.Rc8 Nf8 48.h3 Ne6 49.g4 Ra2 50.Be3 Ra4
51.Bc1 Rb4 52.Rc3 Nd4+ 53.Kf2 Ra4 54.Rd3 h5 55.gxh5 gxh5 56.Rg3+ Kf8 57.Ra3 Rc4
58.Ra8+ Kg7 59.Ba3 Ne6 60.Be7 Rxf4+ 61.Ke3 Rc4 62.h4  1/2-1/2

[Event "Ermoupoli"]
[Site "Ermoupoli"]
[Date "1996.??.??"]
[Round "5"]
[White "Tsorbatzoglou, Theodoros"]
[Black "Nikolaidis, Konstantinos"]
[Result "1/2-1/2"]
[WhiteElo "2290"]
[BlackElo "2365"]

1.d4 Nf6 2.Nf3 g6 3.c4 Bg7 4.g3 O-O 5.Bg2 d6 6.O-O Nbd7 7.Qc2 e5 8.dxe5 dxe5
9.e4 Qe7 10.b3 Nc5 11.Nc3 c6 12.Ba3 Ne8 13.Ne1 b6 14.Nd3 Nc7 15.Nxc5 bxc5
16.Na4 Ne6 17.Qc3 Re8 18.Rfe1 Bf8 19.Bh3 Ng5 20.Bxc8 Raxc8 21.Bxc5 Qe6 22.Bxf8 Rxf8
23.h4 Nh3+ 24.Kg2 Qg4 25.Qxe5 Rcd8 26.Qf6 Rd2 27.Rf1 Rfd8 28.Qf3 h5 29.Nc5 R8d4
30.Rae1 Rxa2 31.Ra1 Rc2 32.Rxa7 Qxf3+ 33.Kxf3 Rdd2 34.Rd7 Rxf2+ 35.Rxf2 Rxf2+
36.Ke3 Rg2 37.Kf3 Rf2+  1/2-1/2

[Event "FIN-chT 9596"]
[Site "FIN"]
[Date "1996.??.??"]
[Round "6"]
[White "Salo, Tapio"]
[Black "Norri, Joose"]
[Result "1-0"]
[WhiteElo "2310"]
[BlackElo "2365"]

1.Nf3 g6 2.c4 Bg7 3.d4 Nf6 4.g3 O-O 5.Bg2 d6 6.O-O Nc6 7.Nc3 a6 8.d5 Na5
9.Nd2 c5 10.Qc2 e5 11.b3 Rb8 12.Bb2 b5 13.Rae1 Ng4 14.h3 Nh6 15.Nd1 Nf5 16.e3 h5
17.Bc3 Qc7 18.Kh2 Bd7 19.f4 Rfe8 20.Be4 bxc4 21.bxc4 Nh6 22.Bg2 Nb7 23.Nf2 Re7
24.Nf3 Nf5 25.g4 hxg4 26.hxg4 Nh6 27.Bh3 Rbe8 28.f5 Qc8 29.e4 f6 30.Rb1 Rf8
31.Nh4 Be8 32.fxg6 Qc7 33.Bd2 Kh8 34.Qc1 Ng8 35.Nh1 Rd7 36.Ng3 Ne7 37.g5 Nxg6
38.Nhf5 fxg5 39.Bxg5 Nf4 40.Nxg7 Rxg7 41.Bxf4 exf4 42.Rxf4 Rxf4 43.Qxf4 Bg6
44.Rf1 Nd8 45.Nf5 Bxf5 46.exf5  1-0

[Event "FRA-ch"]
[Site "France"]
[Date "1996.??.??"]
[Round "2"]
[White "Adrian, Claude"]
[Black "Chomet, Pascal"]
[Result "1/2-1/2"]
[WhiteElo "2330"]
[BlackElo "2385"]

1.Nf3 g6 2.d4 Nf6 3.c4 Bg7 4.g3 O-O 5.Bg2 d6 6.O-O Nbd7 7.Nc3 e5 8.e4 c6
9.Qc2 Re8 10.h3 exd4 11.Nxd4 Nc5 12.Be3 Qe7 13.Rfe1 Bd7 14.Rad1 Nfxe4 15.Bf4 f5
16.Nxe4 Nxe4 17.f3 g5 18.fxe4 gxf4 19.gxf4 Qh4 20.Qf2 Qxf2+ 21.Kxf2 fxe4
22.Rxe4 Rxe4 23.Bxe4 Bxh3 24.Kg3 Bd7 25.Nf5 Bxf5 26.Bxf5 Rd8 27.Kg4 h6 28.b4 Kf7
29.b5 cxb5 30.cxb5 Bc3 31.Be4 Rd7 32.Kf5 Kf8 33.Bd5 Rg7 34.Rc1 Rc7 35.Rg1 Rg7
36.Rh1 Rh7 37.Re1 Rc7 38.Rg1 Rg7 39.Rxg7  1/2-1/2

[Event "FRA-ch"]
[Site "France"]
[Date "1996.??.??"]
[Round "7"]
[White "Anic, Darko"]
[Black "Degraeve, Jean Marc"]
[Result "0-1"]
[WhiteElo "2455"]
[BlackElo "2515"]

1.Nf3 Nf6 2.c4 g6 3.g3 Bg7 4.Bg2 d6 5.d4 O-O 6.O-O c6 7.Nc3 Qa5 8.h3 Be6
9.Nd2 Qa6 10.d5 cxd5 11.cxd5 Bd7 12.Nb3 b5 13.a3 Qb7 14.e4 a5 15.Be3 b4 16.axb4 axb4
17.Ne2 Rxa1 18.Qxa1 Bb5 19.Nbc1 Nbd7 20.Rd1 Ne5 21.f4 Nc4 22.Bf2 Nxe4 23.Bxe4 Nxb2
24.Rf1 b3 25.Qb1 Bc4 26.Bd4 Bxd4+ 27.Nxd4 Na4 28.Nce2 Qb6 29.Rf2 Bxe2 30.Nxe2 Rc8
31.Kg2 Qe3 32.f5 Nc5 33.Bf3 Nd3 34.Rf1 Rc2 35.fxg6 hxg6 36.Kh1 Rxe2 37.Bxe2 Qxe2
38.Kg1 Qe3+ 39.Kh2 Qd2+ 40.Kg1 Qe3+ 41.Kh2 Qe2+ 42.Kg1 b2 43.Qa2 Ne1 44.Rf2 Nf3+
45.Kg2 Nh4+  0-1

[Event "Frydek-Mistek op"]
[Site "Frydek-Mistek"]
[Date "1996.??.??"]
[Round "1"]
[White "Ulak, Slawomir"]
[Black "Kalinin, Oleg"]
[Result "1/2-1/2"]
[WhiteElo "2255"]
[BlackElo "2420"]

1.d4 Nf6 2.c4 d6 3.Nf3 g6 4.g3 Bg7 5.Bg2 O-O 6.O-O c6 7.Nc3 Qa5 8.h3 e5 9.e4 Nbd7
10.Re1 exd4 11.Nxd4 Ne5 12.Bf1 Re8 13.Rb1 Be6 14.b4 Qc7 15.f4 Ned7 16.Be3 a5
17.a3 axb4 18.axb4 Bf8 19.Bf2 Be7  1/2-1/2

[Event "Frydek-Mistek op"]
[Site "Frydek-Mistek"]
[Date "1996.??.??"]
[Round "6"]
[White "Buturin, Vladimir"]
[Black "Voloshin, Leonid"]
[Result "1-0"]
[WhiteElo "2445"]
[BlackElo "2420"]

1.d4 Nf6 2.Nf3 d6 3.c4 g6 4.g3 Bg7 5.Bg2 O-O 6.O-O Nc6 7.Nc3 a6 8.Re1 Rb8
9.Rb1 b5 10.cxb5 axb5 11.b4 Bd7 12.e4 e5 13.dxe5 Nxe5 14.Nxe5 dxe5 15.Qc2 Qe7
16.Bg5 Rfc8 17.Nd5 Qe6 18.Bxf6 Bxf6 19.Bh3 Qxh3 20.Nxf6+ Kg7 21.Nxd7 Qxd7
22.Red1 Qe6 23.Rd5 c6 24.Rc5 Ra8 25.Rb3 Ra6 26.a3 Rd8 27.Rd3 Rxd3 28.Qxd3 f6
29.Kg2 Ra7 30.Qc3 Ra6 31.h4 Qd6 32.Qf3 Ra7 33.h5 Rf7 34.Rc3 Rd7 35.Qg4 Kf7
36.Qh4 Kg7 37.hxg6 hxg6 38.Rc1 g5 39.Qg4 Rd8 40.Rh1 Qd3 41.Qf5 Rh8 42.Rxh8 Kxh8
43.Qxf6+ Kh7 44.Qxe5 Qxa3 45.Qe7+ Kh8 46.e5 Qd3 47.Qf8+ Kh7 48.Qf7+ Kh8 49.e6 Qd5+
50.Kh2 g4 51.Qf8+ Kh7 52.e7  1-0

[Event "Troll Masters"]
[Site "Gausdal"]
[Date "1996.??.??"]
[Round "1"]
[White "Johansson, Per"]
[Black "Tjomsland, Stig"]
[Result "0-1"]
[WhiteElo "2170"]
[BlackElo "2210"]

1.d4 Nf6 2.Nf3 g6 3.c4 Bg7 4.g3 O-O 5.Bg2 d6 6.O-O c6 7.Nc3 a6 8.h3 b5 9.cxb5 axb5
10.Nd2 Qb6 11.e3 h6 12.a4 Be6 13.Ne2 Nd5 14.Nf4 Nxf4 15.gxf4 Nd7 16.Qc2 Rfc8
17.Ra3 Nf6 18.Nf3 b4 19.Ra1 b3 20.Qd3 Nd5 21.Bd2 Nb4 22.Bxb4 Qxb4 23.Nd2 Rxa4
24.Rxa4 Qxa4 25.Rc1 Qa2 26.Rc3 c5 27.Nc4 cxd4 28.exd4 Bxc4 29.Rxc4 Rxc4 30.Qxc4 Qxb2
31.Bd5 e6 32.Bxe6 fxe6 33.Qxe6+ Kh7 34.f5 Qb1+ 35.Kg2 Qxf5 36.Qxb3 Qe4+  0-1

[Event "Gausdal Masters"]
[Site "Gausdal"]
[Date "1996.??.??"]
[Round "2"]
[White "Madsen, Dag"]
[Black "Borge, Nikolaj"]
[Result "1/2-1/2"]
[WhiteElo "2325"]
[BlackElo "2455"]

1.d4 Nf6 2.c4 g6 3.g3 Bg7 4.Bg2 O-O 5.Nf3 d6 6.O-O Nbd7 7.Nc3 e5 8.h3 exd4
9.Nxd4 Re8 10.e4 a6 11.Re1 Rb8 12.Bf4 Ne5 13.b3 c5 14.Nf3 Nxf3+ 15.Qxf3 Nh5
16.Bd2 b5 17.cxb5 axb5 18.Rad1 b4 19.Nd5 Bb7 20.Be3 Re5 21.Qg4 Bxd5 22.Rxd5 Rxd5
23.exd5 Qf8 24.Bg5 Re8 25.Rxe8 Qxe8 26.Qe4 Qxe4 27.Bxe4 Be5 28.Kg2 f6 29.Bc1 f5
30.Bd3 Nf6 31.Bc4 Nd7 32.a4 bxa3 33.Bxa3 Bc3 34.Bc1 Kg7 35.Bg5 Bf6 36.Bd2 Bd4
37.Ba5 Kf7 38.g4 f4 39.h4 Kf6 40.Bd2 g5 41.hxg5+ Kxg5 42.f3 Ne5 43.Ba5 Ng6
44.Bd8+ Bf6 45.Bc7 Be7 46.Kf2 h5 47.gxh5 Ne5 48.Ba5 Kxh5 49.Bc3 Nf7 50.Bb5 Kg5
51.Be8 Nh6 52.Bd7 Bf6 53.Bd2 Bd4+ 54.Ke2 Ng8 55.Ba5 Nf6  1/2-1/2

[Event "Troll Masters"]
[Site "Gausdal"]
[Date "1996.??.??"]
[Round "4"]
[White "Anderton, David W"]
[Black "Pehlgrim, Andreas"]
[Result "1/2-1/2"]
[WhiteElo "2195"]
[BlackElo "2190"]

1.d4 d6 2.g3 g6 3.Bg2 Bg7 4.Nf3 Nf6 5.c4 O-O 6.O-O c6 7.Nc3 Bg4 8.h3 Bxf3
9.Bxf3 e6 10.Be3 Nbd7 11.Qd2 d5 12.cxd5 exd5 13.Bh6 Re8 14.Bxg7 Kxg7 15.Rad1 Nb6
16.b3 Qd6 17.Qc2 Re7 18.e3 h6 19.Bg2 Rae8 20.Rfe1 Qd7 21.Kh2 Nc8 22.b4 Nd6
23.Rb1 Nfe4 24.Bxe4 Nxe4 25.Nxe4 Rxe4 26.Qb2 b6 27.Rec1 b5 28.Rc3 R4e6 29.Rbc1 Rd6
30.Qc2  1/2-1/2

[Event "BEL-ch"]
[Site "Geel"]
[Date "1996.??.??"]
[Round "2"]
[White "Meulders, Richard"]
[Black "Geenen, Marc"]
[Result "1/2-1/2"]
[WhiteElo "2265"]
[BlackElo "2330"]

1.d4 Nf6 2.c4 g6 3.Nf3 Bg7 4.g3 O-O 5.Bg2 d6 6.O-O Nbd7 7.Qc2 e5 8.Rd1 Re8
9.dxe5 dxe5 10.e4 c6 11.h3 Qe7 12.Be3 Nh5 13.Nbd2 Nc5 14.Nb3 Ne6 15.c5 Qf8
16.Nh4  1/2-1/2

[Event "Geneve op"]
[Site "Geneve"]
[Date "1996.??.??"]
[Round "3"]
[White "Gerber, Richard"]
[Black "Grosar, Kiti"]
[Result "1-0"]
[WhiteElo "2355"]
[BlackElo "2225"]

1.d4 Nf6 2.Nf3 g6 3.c4 Bg7 4.g3 O-O 5.Bg2 d6 6.O-O Nc6 7.Nc3 a6 8.b3 Rb8
9.a4 Nd7 10.e4 e5 11.Bg5 Ne7 12.Qd2 Re8 13.Rad1 c6 14.dxe5 dxe5 15.Bh3 Qa5
16.Bxe7 Rxe7 17.Nd5 Qxd2 18.Nxe7+ Kf8 19.Nxg6+ hxg6 20.Rxd2 Ke7 21.Rfd1 Nc5
22.Bxc8 Rxc8 23.b4 Nxe4 24.Rd7+ Ke6 25.Rxb7 Bf8 26.a5 Nd6 27.Ng5+ Kf6 28.Rxd6+ Bxd6
29.Ne4+ Ke6 30.Nxd6 Kxd6 31.Rxf7 Rb8 32.Rf6+ Kd7 33.Rxg6 Rxb4 34.h4 Rxc4
35.h5 Rb4 36.h6 Rb8 37.h7 Rh8 38.Rh6  1-0

[Event "Geneve op"]
[Site "Geneve"]
[Date "1996.??.??"]
[Round "4"]
[White "Gerber, Richard"]
[Black "David, Adrian"]
[Result "1/2-1/2"]
[WhiteElo "2355"]
[BlackElo "2315"]

1.d4 Nf6 2.c4 g6 3.g3 Bg7 4.Bg2 O-O 5.Nf3 d6 6.Nc3 Nc6 7.O-O a6 8.e4 Bg4
9.Be3 Re8 10.Qb3 Nd7 11.Qxb7 Na5 12.Qb4 c5 13.dxc5 Rb8 14.Qa4 Rxb2 15.Rac1 dxc5
16.Bf4 Bxf3 17.Bxf3 Ne5 18.Bg2 Rb4 19.Rfd1 Rxa4 20.Rxd8 Rxd8 21.Nxa4 Nexc4
22.Bf1 Rd4 23.Nxc5 e5 24.Nb3 Nxb3 25.axb3 exf4 26.Rxc4  1/2-1/2

[Event "Geneve op"]
[Site "Geneve"]
[Date "1996.??.??"]
[Round "6"]
[White "Vegh, Jean Pierre"]
[Black "Gallagher, Joseph G"]
[Result "0-1"]
[WhiteElo "2215"]
[BlackElo "2525"]

1.Nf3 Nf6 2.d4 g6 3.g3 Bg7 4.Bg2 O-O 5.c4 d6 6.O-O Nbd7 7.Nc3 e5 8.h3 exd4
9.Nxd4 Re8 10.e4 a6 11.Be3 Rb8 12.Re1 c5 13.Nc2 Ne5 14.Bf1 Be6 15.b3 Qd7
16.f4 Nc6 17.Kh2 b5 18.cxb5 axb5 19.Bc1 Na5 20.e5 dxe5 21.fxe5 Nd5 22.Bb2 Nxc3
23.Bxc3 Qc7 24.Qf3 Nc6 25.Qf4 Red8 26.Bg2 Rd3 27.Bb2 Rbd8 28.Re2 Ne7 29.Ne3 Rd2
30.Rxd2 Rxd2 31.Bc3 Rd3 32.Bb2 h5 33.Rd1 Rxd1 34.Nxd1 Nc6 35.Nf2 Bf5 36.Bd5 Nxe5
37.Nd1 Qd8 38.Bxe5 Qxd5 39.Bxg7 Kxg7 40.Ne3 Qd2+ 41.Kg1 Qc1+ 42.Kf2 Qb2+
43.Kf3 Bd3 44.g4 h4 45.Nf5+ Bxf5 46.gxf5 Qc3+ 47.Kg4 Qf6 48.fxg6 Qxf4+ 49.Kxf4 fxg6
50.a4 c4 51.a5 cxb3 52.a6 b2 53.a7 b1=Q 54.a8=Q Qf5+ 55.Ke3 Qxh3+ 56.Ke2 Qe6+
57.Kd1 Qe5 58.Qb7+ Kh6 59.Qc8 Kh5 60.Qb7 Qf5 61.Qb8 Kg4 62.Qd6 h3 63.Qd4+ Qf4
64.Qg1+ Kh5 65.Qc5+ g5 66.Qxb5 h2 67.Qe8+ Kh4  0-1

[Event "OL-SW 9596"]
[Site "GER"]
[Date "1996.??.??"]
[Round "?"]
[White "Niklasch, Oliver"]
[Black "Balcerak, Jakob"]
[Result "1/2-1/2"]
[WhiteElo "2310"]
[BlackElo "2250"]

1.d4 Nf6 2.c4 g6 3.Nf3 Bg7 4.g3 O-O 5.Bg2 d6 6.O-O Nbd7 7.Nc3 e5 8.e4 c6
9.h3 Qa5 10.Re1 exd4 11.Nxd4 Nb6 12.Bf1 Re8 13.Nb3 Qh5 14.Qxh5 Nxh5 15.g4 Nf6
16.Bf4 Be6 17.Na5 d5 18.cxd5 cxd5 19.e5 Nfd7 20.Rad1 Rec8 21.Nxb7 Nc4 22.Nxd5 Ncxe5
23.Ne7+ Kh8 24.Bxe5 Nxe5 25.Nxc8 Nf3+ 26.Kh1 Nxe1 27.Rd8+ Bf8 28.Rxf8+ Kg7
29.Rd8 Bxc8 30.Nd6 Bxg4 31.Rxa8 Bf3+ 32.Kh2 Bxa8 33.Nb5 a5 34.f4 g5 35.fxg5 Nf3+
36.Kg3  1/2-1/2

[Event "BL2-N9596"]
[Site "Germany"]
[Date "1996.??.??"]
[Round "?"]
[White "Hegeler, Frank"]
[Black "Thiede, Lars"]
[Result "1/2-1/2"]
[WhiteElo "2225"]
[BlackElo "2320"]

1.d4 Nf6 2.Nf3 g6 3.c4 Bg7 4.g3 O-O 5.Bg2 d6 6.O-O Nbd7 7.Qc2 e5 8.Rd1 Re8
9.Nc3 c6 10.b3 Qc7 11.Ba3 Bf8 12.e3 h6 13.Rac1 Nh7 14.b4  1/2-1/2

[Event "Oberliga Nord O9596"]
[Site "Germany"]
[Date "1996.??.??"]
[Round "?"]
[White "Von Herman, Ulf"]
[Black "Schoene, Ralf"]
[Result "1/2-1/2"]
[WhiteElo "2380"]
[BlackElo "2405"]

1.d4 Nf6 2.c4 g6 3.Nf3 Bg7 4.g3 d6 5.Bg2 O-O 6.O-O Nc6 7.Nc3 a6 8.h3 Rb8
9.Be3 b5 10.Nd2 Bd7 11.Rc1 Na5 12.cxb5 axb5 13.b4 Nc4 14.Nxc4 bxc4 15.b5 e6
16.Rb1 d5 17.a4 c6 18.Bf4 Rb7 19.Bd6 Re8 20.Qd2 Qa5 21.Rb2 Ra8 22.Rfb1 Ne8
23.Bb4 Qc7 24.Bc5 f5 25.b6 Qb8 26.Ra2 Bc8 27.a5 Rf7 28.Qe3 Nf6 29.a6 Rxa6
30.Rxa6 Bxa6 31.Qxe6 Bb7 32.Qe3 Nd7 33.Qd2 Nxc5 34.dxc5 Qe5 35.Rc1 Bf8 36.Na4 Re7
37.e3 Re8 38.Qb4 Ra8 39.h4 h6 40.Rd1 Bg7 41.Rc1 Qe7 42.Nc3 Bf8 43.Na4 Kh7
44.Rd1 h5 45.Rd2 Qf6 46.Ra2 Be7 47.Ra3 Qf8 48.Ra2 Kg8 49.Ra3 Kf7 50.Rc3 Ke8
51.Bxd5 cxd5 52.Qb5+ Kf7 53.c6 Bxc6 54.Qxc6 Ra5 55.Rxc4 dxc4  1/2-1/2

[Event "BL2-S9596"]
[Site "Germany"]
[Date "1996.??.??"]
[Round "?"]
[White "Feustel, Bernd"]
[Black "Duschek, Volker"]
[Result "1/2-1/2"]
[WhiteElo "2350"]
[BlackElo "2145"]

1.Nf3 Nf6 2.c4 g6 3.g3 Bg7 4.d4 O-O 5.Bg2 d6 6.O-O Nbd7 7.d5 Nb6 8.Qb3 a5
9.Be3 Ra6 10.Rd1 a4 11.Qb4 c5 12.dxc6 bxc6 13.Na3 Bd7 14.Qd2 c5 15.Bh6 Bc6
16.Bxg7 Kxg7 17.b4 axb3 18.axb3 Qa8 19.Qb2 Qb7 20.Qc3 Nd7 21.Ne1 Bxg2  1/2-1/2

[Event "BL2-W9596"]
[Site "Germany"]
[Date "1996.??.??"]
[Round "?"]
[White "Bayer, Ernst Wolfgang"]
[Black "Holzke, Frank"]
[Result "1-0"]
[WhiteElo "2300"]
[BlackElo "2375"]

1.d4 Nf6 2.Nf3 g6 3.g3 Bg7 4.Bg2 O-O 5.c4 d6 6.Nc3 Nbd7 7.O-O e5 8.e4 exd4
9.Nxd4 Re8 10.h3 Nc5 11.Re1 h6 12.Nb3 Nfd7 13.Be3 Nxb3 14.axb3 a6 15.Qc2 Rb8
16.Rad1 b5 17.cxb5 axb5 18.Nd5 Rb7 19.b4 Nf6 20.Nc3 Rb8 21.f4 Bb7 22.e5 Nh7
23.Bxb7 Rxb7 24.Qg2 Qb8 25.exd6 cxd6 26.Bf2 Rxe1+ 27.Bxe1 Nf8 28.Qd5 Ne6
29.Bf2 Bxc3 30.bxc3 Qc7 31.Rd3 Kh7 32.Qxd6 Qc4 33.Qd5 Qc8 34.h4 h5 35.f5 Ng7
36.fxg6+ fxg6 37.Kh2 Nf5 38.Qd8 Qc6 39.Qd5 Qc8 40.Bc5 Nh6 41.Qe4 Rf7 42.Rd6 Nf5
43.Rd5 Qa8 44.Re5 Qa1 45.Qe1 Qb2+ 46.Re2 Qb3 47.Rf2 Rd7 48.Qe8 Qd5 49.Re2 Qd3
50.Bf2 Rc7 51.Be1 Nh6 52.Bd2 Nf5 53.Bf4 Rg7 54.Rd2 Qxc3 55.Rd8 Qc2+ 56.Kh3 g5
57.Qxh5+ Nh6 58.hxg5 Qf5+ 59.Kh2 Qc2+ 60.Rd2  1-0